MARC

LEADER 00000nam0a2200000 4500
001 122326
005 20231101215733.0
035 |a (RuTPU)RU\TPU\book\132453 
090 |a 122326 
100 |a 20071002d1965 km y0rusy50 ca 
101 0 |a rus 
102 |a RU 
105 |a a z 001zy 
200 1 |a Методы анализа рассолов и солей  |f Всесоюзный научно-исследовательский институт галургии (ВНИИГ) ; под ред. Ю. В. Морачевского и Е. М. Петровой 
205 |a 3-е изд., испр. 
210 |a Москва  |c Химия  |d 1965  |a Ленинград 
215 |a 403 с.  |c ил. 
320 |a Библиогр.: с. 346-347. 
606 1 |a Соли  |x Химия  |2 stltpush  |3 (RuTPU)RU\TPU\subj\70579  |9 84798 
610 1 |a методы анализа 
610 1 |a рассолы 
610 1 |a соляные породы 
610 1 |a соляные растворы 
610 1 |a анализ 
610 1 |a боратовые породы 
610 1 |a пробы 
610 1 |a подготовка 
610 1 |a определение 
610 1 |a плотность 
610 1 |a отложения 
610 1 |a показатели 
610 1 |a водородные ионы 
610 1 |a водные растворы 
610 1 |a природные рассолы 
610 1 |a соленосные породы 
610 1 |a бороносные породы 
610 1 |a расчет 
610 1 |a минеральный состав 
610 1 |a физические методы 
610 1 |a отбор 
675 |a 546-38  |v 3 
702 1 |a Морачевский  |b Ю. В.  |g Юрий Витальевич  |4 340 
702 1 |a Петрова  |b Е. М.  |4 340 
712 0 2 |a Всесоюзный научно-исследовательский институт галургии (ВНИИГ)  |2 stltpush  |3 (RuTPU)RU\TPU\col\12235 
801 1 |a RU  |b 63413507  |c 20071002  |g PSBO 
801 2 |a RU  |b 63413507  |c 20151202  |g PSBO 
942 |c BK